00644 2200217 4500001002100000005001500021035002000036007000300056008004100059020002200100082001000122084001700132100003800149245009000187250001100277260003100288300002700319650002400346700002500370700003100395INLIS00000000000202620260218095204 a0010-0226000036ta260218 d 0 ind  a978-623-522-895-2 a323.6 a323.6 SIG e0 aSigit Pandu Cahyono, S.Pd., M.Pd.1 aErlangga X-Press TKA Pendidikan Pancasila SMA/MA /cSigit Pandu Cahyono, S.Pd., M.Pd. aCet. 1 aJakarta :bErlangga,c2025 a164 hlm. ;c21 x 26 cm aPendidkan Pancasila0 aHj. Chomsatun, M.Pd.0 aNodi Herhana, S.Pd., M.Pd.